Zkušenosti s hnojením rybníků kapalnými dusíkatými průmyslovými hnojivy

Bibliographic Details
Main Author: Kořenský, F. (Author)
Format: Article
Language:Czech

MARC

LEADER 00000nab a2200000uu 4500
001 vtls011448506
003 SK-MaSNL
005 20260303111257.0
008 230121|1966 xo |||||||||||||||||cze|
015 |a SNBRB 
035 |a (urnnbn)urn:nbn:sk:snk:ar-005zbg 
035 |a (uuid)3a81971f-c455-48db-abb9-c18d2c4bcbc7 
035 |a urn:nbn:sk:snk-abcl4x 
040 |a SNKBUCL  |b slo  |c SNKBUCL  |e AACR2 
041 0 |a cze 
044 |a xo  |c SK 
100 1 |a Kořenský, F.  |4 aut  |9 1123738 
245 1 0 |a Zkušenosti s hnojením rybníků kapalnými dusíkatými průmyslovými hnojivy  |c F. Kořenský 
773 0 |t Agrochémia : časopis pre chemizáciu poľnohospodárstva  |g Roč. 6, č. 2 (1966), s. 43-45 
954 |a odborná, vedecká literatúra cudzojazyčná (svetová)  |2 lita 
958 |a OND 
958 |a EUIPO 
958 |a article16 
999 |c 1875913  |d 1877843